[Event "AUTO-ADV-1626"]
[Site "http://www.queenalice.com/game.php?id=719960"]
[Date "2010.1.25"]
[Round "1"]
[White "Lotuz82"]
[Black "Tonto"]
[Result "0-1"]
[WhiteElo "1711"]
[BlackElo "1884"]

1. e4 e5 2. Nf3 d6 3. d4 Be7 4. dxe5 Nc6 5. exd6 Bxd6 6. Bc4 h6 7. e5 Nxe5 8.
Nxe5 Bxe5 9. Qxd8+ Kxd8 10. Bxf7 Nf6 11. Bg6 Bd7 12. Nc3 Bc6 13. Be3 Bxg2 14.
O-O-O+ Bd6 15. Rhe1 Kc8 16. Bf5+ Nd7 17. Rg1 Bf3 18. Rxg7 Rd8 19. Rdg1 b6 20.
Rg8 Kb7 21. Rxd8 Rxd8 22. Be4+ Bxe4 23. Nxe4 Be5 24. f4 Bh8 25. f5 Re8 26. Rg4
Nf6 27. Nxf6 Rxe3 28. Ng8 Rh3 29. f6 Rf3 30. Rg6 Rf1+ 0-1

[Event "AUTO-ADV-1626"]
[Site "http://www.queenalice.com/game.php?id=719965"]
[Date "2010.1.25"]
[Round "1"]
[White "Chazam"]
[Black "Lotuz82"]
[Result "0-1"]
[WhiteElo "1407"]
[BlackElo "1722"]

1. e4 c5 2. c4 Nc6 3. Nc3 g6 4. Be2 Bg7 5. Nf3 d6 6. d3 Nf6 7. Ng5 O-O 8. O-O
Bd7 9. Nd5 Nxd5 10. exd5 Nd4 11. Re1 h6 12. Ne4 f5 13. Ng3 e5 14. dxe6 Bxe6 15.
Be3 f4 16. Bxd4 Bxd4 17. Ne4 d5 18. cxd5 Bxd5 19. Bg4 h5 20. Bh3 Qh4 21. Re2 f3
22. gxf3 Qxh3 23. Nd2 Bxf3 24. Qb3+ Kh8 25. Qg8+ Kxg8 0-1

[Event "AUTO-ADV-1626"]
[Site "http://www.queenalice.com/game.php?id=719966"]
[Date "2010.1.25"]
[Round "1"]
[White "Lotuz82"]
[Black "Chazam"]
[Result "0-1"]
[WhiteElo "1736"]
[BlackElo "1722"]

1. e4 e5 2. Nf3 f6 3. Bc4 Nc6 4. O-O d6 5. h3 Na5 6. Be2 Nh6 7. d4 exd4 8. Nxd4
g6 9. Nc3 Bd7 10. Be3 Bg7 11. Qd2 c5 12. Ndb5 O-O 13. Nxd6 Qb6 14. Nd5 Qxd6 15.
Bxh6 Bxh6 16. Qxh6 Nc6 17. Bc4 Be6 18. f4 f5 19. Rae1 fxe4 20. Rxe4 Bxd5 21. f5
Bxc4 0-1

[Event "AUTO-ADV-1669"]
[Site "http://www.queenalice.com/game.php?id=737753"]
[Date "2010.2.26"]
[Round "1"]
[White "Nille"]
[Black "Lotuz82"]
[Result "1-0"]
[WhiteElo "1965"]
[BlackElo "1650"]

1. e4 e5 2. Nf3 Nc6 3. Bc4 Bc5 4. d3 Nf6 5. Nc3 d6 6. h3 Be6 7. Bxe6 fxe6 8. Bg5
h6 9. Bxf6 Qxf6 10. O-O O-O 11. a3 a6 12. b4 Bd4 13. Qd2 Rf7 14. Rac1 Bxc3 15.
Qxc3 1-0

[Event "AUTO-ADV-1669"]
[Site "http://www.queenalice.com/game.php?id=737754"]
[Date "2010.2.26"]
[Round "1"]
[White "Lotuz82"]
[Black "Nille"]
[Result "0-1"]
[WhiteElo "1654"]
[BlackElo "1961"]

1. e4 e5 2. Nf3 d6 3. d4 exd4 4. Nxd4 h6 5. Nc3 Nf6 6. Bc4 Be7 7. O-O c5 8. e5
cxd4 9. exf6 Bxf6 10. Qe2+ Qe7 11. Qxe7+ Bxe7 12. Nd5 Kd7 13. Nxe7 Kxe7 0-1

[Event "AUTO-ADV-1669"]
[Site "http://www.queenalice.com/game.php?id=737769"]
[Date "2010.2.26"]
[Round "1"]
[White "Maffu"]
[Black "Lotuz82"]
[Result "1-0"]
[WhiteElo "1781"]
[BlackElo "1665"]

1. e4 e5 2. Nc3 Nf6 3. f4 d5 4. fxe5 Nxe4 5. Qf3 Nxc3 6. bxc3 c5 7. Bb5+ Nc6 8.
d4 Be7 9. Ne2 O-O 10. O-O a6 11. Bd3 c4 12. Bxh7+ Kxh7 13. Qh5+ Kg8 14. Ng3 Nxe5
15. dxe5 Qb6+ 16. Kh1 Qe6 17. Bf4 b5 18. Rae1 Bd7 19. Bg5 Bxg5 20. Qxg5 Qh6 21.
Qxh6 gxh6 22. Rf6 Kh7 23. Ref1 Be6 24. Nf5 1-0

[Event "AUTO-ADV-1669"]
[Site "http://www.queenalice.com/game.php?id=737770"]
[Date "2010.2.26"]
[Round "1"]
[White "Lotuz82"]
[Black "Maffu"]
[Result "0-1"]
[WhiteElo "1677"]
[BlackElo "1769"]

1. e4 d5 2. exd5 Qxd5 3. Nc3 Qd6 4. d4 Nf6 5. Nf3 a6 6. g3 b5 7. Bg2 Bb7 8. O-O
e6 9. Bf4 Qd7 10. Qd3 Be7 11. Ne5 Qc8 12. Bxb7 Qxb7 13. Rad1 Nbd7 14. d5 Nxd5
15. Nxd5 exd5 16. Nxd7 Kxd7 17. Qxd5+ Qxd5 18. Rxd5+ Kc8 19. Rfd1 Rd8 20. Rxd8+
Bxd8 21. Be5 f6 22. Bc3 Kb7 23. Rd7 g6 24. Rxh7 Kc6 0-1

[Event "AUTO-ADV-1669"]
[Site "http://www.queenalice.com/game.php?id=737781"]
[Date "2010.2.26"]
[Round "1"]
[White "Lotuz82"]
[Black "archangel"]
[Result "0-1"]
[WhiteElo "1725"]
[BlackElo "1766"]

1. e4 e6 2. d4 d5 3. Nc3 Bb4 4. e5 c5 5. a3 cxd4 6. axb4 dxc3 7. bxc3 Ne7 8. f4
O-O 9. Nf3 a5 10. b5 Qc7 11. Ra3 Nd7 12. g4 Nc5 13. Be3 Ne4 14. Bd3 Nxc3 15. Qd2
Nb1 0-1

[Event "AUTO-ADV-1669"]
[Site "http://www.queenalice.com/game.php?id=737782"]
[Date "2010.2.26"]
[Round "1"]
[White "archangel"]
[Black "Lotuz82"]
[Result "1-0"]
[WhiteElo "1807"]
[BlackElo "1633"]

1. d4 d5 2. c4 dxc4 3. e4 e5 4. d5 Nf6 5. Bg5 h6 6. Bxf6 Qxf6 7. Qa4+ Bd7 8.
Qxc4 Na6 9. Qb3 Bc5 10. f3 Bb4+ 11. Nc3 Qb6 12. Bxa6 bxa6 13. Ne2 Rb8 14. g3 Qe3
15. Rf1 O-O 16. Qc2 f5 17. Rd1 fxe4 18. fxe4 1-0

[Event "AUTO-ADV-1670"]
[Site "http://www.queenalice.com/game.php?id=738159"]
[Date "2010.2.26"]
[Round "1"]
[White "jiujitsubr"]
[Black "Lotuz82"]
[Result "1-0"]
[WhiteElo "1957"]
[BlackElo "1694"]

1. d4 Nf6 2. c4 g6 3. Nc3 Bg7 4. e4 d6 5. f3 O-O 6. Be3 e5 7. d5 c6 8. Qd2 cxd5
9. cxd5 a6 10. Bh6 Nbd7 11. Bxg7 Kxg7 12. Nge2 b5 13. f4 Nb6 14. Ng3 Bd7 15. Bd3
1-0

[Event "AUTO-ADV-1670"]
[Site "http://www.queenalice.com/game.php?id=738160"]
[Date "2010.2.26"]
[Round "1"]
[White "Lotuz82"]
[Black "jiujitsubr"]
[Result "0-1"]
[WhiteElo "1689"]
[BlackElo "1962"]

1. e4 c5 2. Nf3 d6 3. d4 cxd4 4. Nxd4 Nf6 5. Nc3 g6 6. Be3 Bg7 7. f3 O-O 8. Qd2
Nc6 9. Bc4 Nd7 10. h4 Nde5 11. Bb3 Na5 12. h5 Nac4 13. Qe2 Nxe3 14. Qxe3 Qb6 15.
O-O-O Nc6 0-1

[Event "AUTO-ADV-1670"]
[Site "http://www.queenalice.com/game.php?id=738171"]
[Date "2010.2.26"]
[Round "1"]
[White "tewald"]
[Black "Lotuz82"]
[Result "1-0"]
[WhiteElo "1877"]
[BlackElo "1747"]

1. e4 c5 2. Nf3 d6 3. g3 Nc6 4. Bg2 g6 5. O-O Bg7 6. c3 e5 7. d3 Nge7 8. Nbd2
O-O 9. Re1 h6 10. Nf1 Be6 11. h3 Qd7 12. Kh2 f5 13. exf5 Bxf5 14. g4 Be6 15. Be3
Nd5 16. Rb1 1-0

[Event "AUTO-ADV-1670"]
[Site "http://www.queenalice.com/game.php?id=738172"]
[Date "2010.2.26"]
[Round "1"]
[White "Lotuz82"]
[Black "tewald"]
[Result "1-0"]
[WhiteElo "1706"]
[BlackElo "1817"]

1. e4 e6 2. d4 d5 3. Nc3 Nf6 4. Bg5 Be7 5. e5 Nfd7 6. h4 Bxg5 7. hxg5 Qxg5 8.
Nh3 Qe7 9. Nf4 Nb6 10. Qg4 O-O 11. Nh5 g6 12. Nf6+ 1-0

[Event "AUTO-ADV-1670"]
[Site "http://www.queenalice.com/game.php?id=738179"]
[Date "2010.2.26"]
[Round "1"]
[White "Lotuz82"]
[Black "ZeroHour"]
[Result "0-1"]
[WhiteElo "1624"]
[BlackElo "1795"]

1. e4 c5 2. Nf3 Nc6 3. d4 cxd4 4. Nxd4 e5 5. Nb5 d6 6. N1c3 a6 7. Na3 b5 8. Nd5
Nge7 9. c4 Nd4 10. Be3 Nxd5 11. cxd5 Be7 12. Bd3 O-O 13. O-O Bf6 14. Qd2 Bd7 15.
Bxd4 exd4 0-1

[Event "AUTO-ADV-1670"]
[Site "http://www.queenalice.com/game.php?id=738180"]
[Date "2010.2.26"]
[Round "1"]
[White "ZeroHour"]
[Black "Lotuz82"]
[Result "1-0"]
[WhiteElo "1804"]
[BlackElo "1615"]

1. d4 Nf6 2. c4 g6 3. Nc3 d5 4. cxd5 Nxd5 5. e4 Nxc3 6. bxc3 Bg7 7. Bc4 c5 8.
Ne2 Nc6 9. Be3 O-O 10. O-O Bg4 11. f3 Na5 12. Bxf7+ Rxf7 13. fxg4 Rxf1+ 14. Qxf1
Nc4 15. Bg5 1-0